[Event "DEN-chT26 B3 corr"]
[Site "Denmark"]
[Date "2001.??.??"]
[Round "?"]
[White "Pedersen, Svend"]
[Black "Roesen, Peter"]
[Result "1-0"]
[WhiteElo "2222"]
[BlackElo "2065"]
[PlyCount "61"]
[EventDate "2001.03.12"]
[EventType "team (corr)"]
[EventRounds "6"]
[EventCountry "DEN"]
[SourceTitle "Corr 2004"]
[Source "ChessBase"]
[SourceDate "2003.04.28"]
[SourceVersion "3"]
[SourceVersionDate "2003.04.28"]
[SourceQuality "1"]

1. e4 e6 2. d3 c5 3. g3 Nc6 4. Bg2 g6 5. Nc3 Bg7 6. Be3 d6 7. Qd2 Rb8 8. Nh3 Nd4 9. 0-0 Ne7 10. Nd1 0-0 11. Bh6 b5 12. Bxg7 Kxg7 13. Ne3 Qb6 14. f4 f5 15. c3 Ndc6 16. Rae1 Bd7 17. Ng5 Rbe8 18. Kh1 h6 19. Nf3 Kh7 20. Rf2 Rf7 21. Rfe2 Bc8 22. exf5 Nxf5 23. Nxf5 Rxf5 24. d4 cxd4 25. cxd4 Ref8 26. Bh3 Bb7 27. Kg1 Rd5 28. Re4 e5 29. Qe3 exd4 30. Qd3 Qc7 31. Nh4 1-0

[Event "DEN-chT26 B3 corr"]
[Site "Denmark"]
[Date "2001.??.??"]
[Round "?"]
[White "Tolstrup, Brian"]
[Black "Roesen, Peter"]
[Result "0-1"]
[WhiteElo "1766"]
[BlackElo "2065"]
[PlyCount "68"]
[EventDate "2001.03.12"]
[EventType "team (corr)"]
[EventRounds "6"]
[EventCountry "DEN"]
[SourceTitle "Corr 2004"]
[Source "ChessBase"]
[SourceDate "2003.04.28"]
[SourceVersion "3"]
[SourceVersionDate "2003.04.28"]
[SourceQuality "1"]

1. d4 Nf6 2. c4 g6 3. Nc3 Bg7 4. e4 d6 5. f3 0-0 6. Be3 Nc6 7. Qd2 a6 8. g4 e5 9. d5 Nd4 10. 0-0-0 c5 11. dxc6 bxc6 12. g5 Nh5 13. Nce2 d5 14. Ng3 Nxg3 15. hxg3 Rb8 16. Qh2 Re8 17. Ne2 dxe4 18. Qxh7+ Kf8 19. Nxd4 exd4 20. Bf4 Rxb2 21. c5 Qa5 22. Bd6+ Re7 23. Bxe7+ Kxe7 24. Kxb2 Be6 25. Qxg7 Qxa2+ 26. Kc1 Qa3+ 27. Kc2 Qxc5+ 28. Kb1 Qb4+ 29. Kc1 Qa3+ 30. Kc2 Qa2+ 31. Kc1 Qa1+ 32. Kc2 d3+ 33. Kd2 Qxg7 34. fxe4 Qd4 0-1

[Event "DEN-chT 25th corr"]
[Site "Denmark"]
[Date "2000.??.??"]
[Round "2"]
[White "Roesen, Peter"]
[Black "Madsen, Ole Rysgaard"]
[Result "1/2-1/2"]
[WhiteElo "2057"]
[BlackElo "1898"]
[PlyCount "88"]
[EventDate "2000.??.??"]
[EventType "team (corr)"]
[EventRounds "4"]
[EventCountry "DEN"]
[SourceTitle "Corr 2004"]
[Source "ChessBase"]
[SourceDate "2003.04.28"]
[SourceVersion "3"]
[SourceVersionDate "2003.04.28"]
[SourceQuality "1"]

1. d4 Nf6 2. c4 g6 3. Nc3 Bg7 4. Nf3 d6 5. g3 0-0 6. Bg2 Nc6 7. 0-0 a6 8. b3 Rb8 9. Nd5 Nh5 10. Be3 e6 11. Nc3 f5 12. Qd2 Nf6 13. Rac1 e5 14. dxe5 dxe5 15. Rfd1 Qxd2 16. Rxd2 e4 17. Nd4 Ne5 18. Nd5 Rf7 19. Nc2 Nxd5 20. cxd5 Bd7 21. Bf4 Re8 22. Ne3 c6 23. h4 cxd5 24. Nxd5 Ng4 25. f3 Nf6 26. Nc7 Rc8 27. Rcd1 Bc6 28. Ne6 Re7 29. Rd8+ Re8 30. Rxc8 Rxc8 31. fxe4 Nxe4 32. Nd8 Bb5 33. Bxe4 fxe4 34. Kf2 b6 35. Ne6 Rc2 36. Rd8+ Kf7 37. Ng5+ Ke7 38. Rd2 Rxd2 39. Bxd2 h6 40. Nxe4 Bc6 41. Kf3 Ke6 42. Bf4 g5 43. hxg5 hxg5 44. Bc7 Be5 1/2-1/2